Quizzes
Events
Quiz Creation
Community
Videos
Private Events
Remove Ads
Sign In
Join for FREE
Feedback
Dark Mode
Quiz Categories
Sports
Geography
Music
Movies
Television
Just For Fun
Miscellaneous
History
Literature
Language
Science
Gaming
Entertainment
Religion
Holiday
For Kids
Quiz Lab
Recent
Popular Today
Quiz Kudos Today
Editor Picks
Curator Picks
Quizzes by...
Day
Popularity
Type
Ratings
Length
Year
Community
Subscriptions
Recent Discussions
Orange Saloon
Badges
Playlists
Quests
Create
Leaderboards
Showdown
Live 5
Trivia Bingo
Activity
Puzzle Library
Sporcle Events
Private Events
Virtual Trivia
Globe League
Become a Host
Pub Owners
SporcleCon
Opinionation
Our Games
Videos
Blog
Mobile Apps
Partnerships
Remove Ads and Go Orange
Feedback
Sports
Athletes
MLB
NBA
NHL
NFL
Soccer
Sports Teams
WWE
NCAA
Football
Premier League
Basketball
Baseball
Hockey
Golf
Tennis
Cricket
Rugby
Auto Racing
Olympics
World Cup
Sports
Athletes
MLB
NBA
NHL
NFL
Soccer
Sports Teams
WWE
NCAA
Football
Premier League
Basketball
Baseball
Hockey
Golf
Tennis
Cricket
Rugby
Auto Racing
Olympics
World Cup
Random Quiz
Search Sporcle
×
Quiz Lab
Quiz Lab
Sports
League
Type in answers that appear in a list
Type in answers that appear in a list
Classic
Best Score? Go Orange.
Uefa champions league semi finals since 1995 Stats
Can you name the uefa champions league semi finals?
By
iaindowie
15m
76 Questions
303 Plays
303 Plays
303 Plays
Comments
Comments
Give Quiz Kudos
Give Quiz Kudos
-
- Ratings
hide this ad
Replay
Link that replays current quiz
Next Quiz
Link to next quiz in quiz playlist
You Got
0%
They Got
Avg Score
87%
Avg Friend Score
Upgrade to see
Score Distribution
Jump to the score distribution portion of the page
Score
0/76
Timer
15:00
0
Plays Today
year
teams
% Correct
2013
real madrid
97.7%
2012
barcelona
97.7%
2012
real madrid
97.7%
2011
real madrid
97.7%
2010
barcelona
97.7%
2009
barcelona
97.7%
2008
barcelona
97.7%
2006
barcelona
97.7%
2003
real madrid
97.7%
2002
real madrid
97.7%
2002
barcelona
97.7%
2001
real madrid
97.7%
2000
real madrid
97.7%
2000
barcelona
97.7%
1998
real madrid
97.7%
2013
bayern munich
97%
2013
barcelona
97%
2012
bayern munich
97%
2011
barcelona
97%
2011
manchester united
97%
2010
bayern munich
97%
2001
bayern munich
97%
2000
bayern munich
97%
1999
bayern munich
97%
1995
bayern munich
97%
2012
chelsea
96.3%
2009
manchester united
96.3%
2009
chelsea
96.3%
2008
manchester united
96.3%
2008
chelsea
96.3%
2007
chelsea
96.3%
2007
manchester united
96.3%
2005
chelsea
96.3%
2004
chelsea
96.3%
2002
manchester united
96.3%
1999
manchester united
96.3%
1997
manchester united
96.3%
2007
ac milan
93.3%
year
teams
% Correct
2005
ac milan
93.3%
2003
ac milan
93.3%
1995
ac milan
93.3%
2008
liverpool
93%
2007
liverpool
93%
2005
liverpool
93%
2003
juventus
93%
1999
juventus
93%
1998
juventus
93%
1997
juventus
93%
1996
juventus
93%
2013
borussia dortmund
92.3%
2009
arsenal
92.3%
2006
arsenal
92.3%
1998
borussia dortmund
91.7%
1997
borussia dortmund
91.7%
2010
inter milan
89.7%
2006
inter milan
89.7%
2003
inter milan
89.7%
1997
ajax
88.3%
1996
ajax
88.3%
1995
ajax
88.3%
2004
porto
87.3%
2001
valencia
85.7%
2000
valencia
85.7%
2004
monaco
80.7%
1998
monaco
80.7%
2010
lyon
73%
2002
bayer leverkusen
69.7%
2011
schalke
68%
2004
deportivo
62.7%
2006
villarreal
52%
2001
leeds united
47.3%
1996
nantes
35%
1996
panathinaikos
31.7%
1995
paris saint germain
29%
2005
eindhoven
21%
1999
dynamo kyiv
19.3%
Quiz Playlist
Details
Report
Send in Message
Add To Playlist
Classic:
Type in answers that appear in a list
Last Updated: Feb 16, 2017
Quiz Scoreboard
CHALLENGE
Sign Up to Join the Scoreboard
Show All
Scores
Hide
Comments
May contain spoilers
Recently Published
Alphabetical 'K' Countries by Flag Minefield
by ylime102
Geography
3m
Pick 6: Fruits
by JohnFran
Miscellaneous
15s
Click the 1999 NBA Draft
by nibperrychub
Sports
2m
More to Explore
Quiz From the Vault
Featured Blog Post
15 Basketball Trivia Facts You Can Be March Mad About
hide this ad
You Might Also Like...
Tags
1995
champion
final
League
semi
team
UEFA
Today's Top Quizzes in Sports
Browse Sports
hide this ad
Today's Top Quizzes in League
Browse League
Top Contributed Quizzes in Sports
1
Les joueurs à 100 buts en Ligue 1 Uber Eats
2
Pick 6: NFL Teams
3
MLB 2 truths and a lie: Hall of Fame pitchers
4
Criteria MLB: Left Handed Sluggers
5
2022 World Cup Stars
6
Don't Strike Out: 3000 Strikeouts
7
Millionaire: NBA Finals Edition
8
Pick 6: Minor League Baseball
9
Click the 1998 NBA Draft
10
Pick 6: Olympics
Explore More
Trending Topics
Anime
Marvel
Harry Potter
Kpop
Disney
Crossword
NBA
Pokémon
Country
Song
The Office
WWE
NFL
Puzzle
Soccer
hide this ad
More By:
iaindowie
Quiz
Plays
Rating
Category
Featured
Created
uefa champions league semi finals since 1995
303
1.33
Sports
May 1, 2013
Countries with Nuclear Weapons
216
4.40
Geography
Feb 3, 2013
all time champions league topscorers
162
1.00
Sports
Jun 5, 2013
Major Islands of indonesia
149
4.00
Geography
Feb 3, 2013
60 biggest companies
148
5.00
Just For Fun
May 7, 2013
Go to Creator's Profile
Score Distribution
Quiz Creator Spotlight
iaindowie
Follow
Send a Message
Quizzes Created
-
Created Quiz Play Count
-
More By This Creator
Popular Quizzes Today
1
Countries of Asia Without Outlines Minefield
2
Find the US States - No Outlines Minefield
3
Pick 6: Fruits
4
Alphabetical 'K' Countries by Flag Minefield
5
The Countries of the World
6
Find the US States
7
US States
8
Match the Book to the Film X
More Sports Quizzes
2010s Top Rushers: Minnesota Vikings
Quiz Lab
Trending Quizzes
Pick 6: Mountains
Pick 6: Harry Potter
Pick 6: NFL Teams
Pick 6: Movie Franchises
Pick 6: Golfers
Recently Updated
NWSL Teams
pecheneg
Women's Final Four Teams by Year
bhenderson79
Presidents Quartet II
eogle
Anything But Clue(do)
eogle
Anything But Oceanian Capitals
eogle
Anything But 7
eogle
Anything But Thing
eogle
Word Ladder: February 29
pecheneg
Song Title Questions
pecheneg
Women's NCAA Tournament #1 Seeds
pecheneg
Trending Topics
Kpop
Anime
Harry Potter
NBA
Crossword
Marvel
Disney
Soccer
Pokémon
Puzzle
Country
The Office
NFL
Song
WWE
Your Account Isn't Verified!
In order to create a playlist on Sporcle, you need to verify the email address you used during registration. Go to your
Sporcle Settings
to finish the process.
Report this User
Report this user for behavior that violates our
Community Guidelines
.
Details:
Send Report
Go to the Sporcle.com Mobile Site →
Comments